Country by Phonetic Spelling #3 - Statistics

General Stats
  • This quiz has been taken 628 times
    322 since last reset
  • The average score is 19 of 20
Answer Stats
Phonetic Spelling English Spelling % Correct
ɑrˈmiːniə Armenia
100%
pɑːkiˈstɑːn Pakistan
99%
ʃriː ˈlɑːŋkə Sri Lanka
99%
juːˌnaɪtɨd ˌærəb ˈɛmɪrɨts United Arab Emirates
99%
bɛləˈruːs Belarus
98%
buˈtaːn Bhutan
98%
oʊˈmɑːn Oman
98%
koʊsəvoʊ Kosovo
97%
ˈsɪriə Syria
97%
bɛldʒəm Belgium
96%
kəˈlʌmbiə Colombia
96%
ˈaɪslənd Iceland
96%
juːˈkreɪn Ukraine
96%
ɔːstriə Austria
95%
ˈsɪŋəpɔr Singapore
95%
təˈdʒiːkɨstæn Tajikistan
94%
səˈmoʊ.ə Samoa
91%
ˈjʊərəɡwaɪ Uruguay
91%
tʃæd Chad
84%
tʃɛk Czechia
79%
No matching quizzes found
Score Distribution
Percent of People with Each Score
Percentile by Number Answered
Your Score History
You have not taken this quiz since the last reset